| 000 | 00988nam0a22002771 4500 | ||
|---|---|---|---|
| 001 | rc\3966661 | ||
| 005 | 20250610222036.0 | ||
| 021 |
_aRU _b[56-62057] |
||
| 035 | _a(NLR Aleph) 007929943 | ||
| 090 |
_a8212084 _c8212084 |
||
| 100 | _a20130415d1956 |||y0rusy50 ca | ||
| 101 | 0 | _arus | |
| 102 | _aRU | ||
| 105 | _aag z |||c| | ||
| 200 | 1 |
_aБела Барток _eОчерк жизни и творчества |
|
| 210 |
_aМосква _cМузгиз _d1956 |
||
| 215 |
_a168 с. _cнот. ил. _d16 |
||
| 320 | _aСписок произведений Б. Бартока; Список основных фольклорных трудов Бартока: с. 164-168 | ||
| 700 | 1 |
_aМартынов _bИ.И. _f1908- _gИван Иванович |
|
| 702 | 1 |
_4570 _7ca _8rus _aБарток _bБ. _f1881-1945 _gБела _9229446 _3RU\NLR\AUTH\770229502 |
|
| 801 | 0 |
_aRU _bNLR _gpsbo |
|
| 801 | 1 |
_aRU _bELAR _2rusmarc |
|
| 852 |
_aNLR _jИс80 Г-1/90 |
||
| 942 | _cBOOK | ||
| 980 | _aNB | ||